Dni mesta Rožňava 2003 mesto Rožňava a spoluorganizátori Vás pozývajú na

Bibliographic Details
Format: Article
Language:Slovak
Subjects:

MARC

LEADER 00000nab a2200000 a 4500
001 vtls001010808
003 SK-MaSNL
005 20260303041807.0
008 040720e20030124xo 0 slo
035 |a RV11408 
040 |a RVGKPD  |b slo  |c RVGKPD  |e AACR2 
041 0 |a slo 
044 |a xo  |c SK 
080 |a 394.2  |2 1981 
245 0 0 |a Dni mesta Rožňava 2003  |b mesto Rožňava a spoluorganizátori Vás pozývajú na 
500 |a program 
518 |a 01.-08.02.2003 
611 1 7 |a Dni mesta Rožňava  |2 RVGKPD  |9 1024164 
651 7 |a Rožňava (Slovensko)  |2 RVGKPD  |9 17394 
773 0 8 |t Rožňavské noviny=Rozsnyói Újság  |g Roč. 11, č.1, 24.1.2003, s. 1 
852 |a ZVYKNI  |b KIS3GCP 
999 |c 1688915  |d 1690845